Acronymes - 4 lettres - F - Statistiques

Statistiques générales
  • Ce quiz a été pris 56 fois
  • Le résultat moyen est 24 sur 40
Statistiques - réponses
HINT ANSWER % Correct
FCPE Fédération
100%
FFBB Fédération
100%
FIBA Fédération
100%
FFSA Fédération
100%
FFTT Fédération
100%
FNAC Fédération
100%
FIFA Federation
100%
FCSM Football
98%
Footballl
98%
International
98%
Française
94%
Française
94%
Française
94%
National
89%
Basket
78%
Basket
78%
Internationale
74%
Ball
72%
Ball
72%
Tennis
69%
Table
67%
Club
65%
Nationale
61%
Nationale
61%
Association
54%
Sochaux
48%
Montbéliard
44%
FLNC Front
41%
Libération
35%
Corse
26%
Élèves
26%
Parents
26%
Achat
22%
Art
13%
Cadres
9%
Contemporain
7%
FNAC Fonds
7%
Conseils
6%
Assurances
0%
Sociétés
0%
Aucun quiz correspondant
Distribution des résultats
% des personnes avec chaque résultat
Percentile par nombre de réponses
Votre historique - résultats
Vous n’avez pas pris ce quiz